Angola-visa - Statistics

Yleistilastot
  • Tätä visaa on pelattu 368 kertaa
  • Keskiarvotulos 10 / 15
Vastaustilastot
Vihje Vastaus % Oikein
Angolan naapurimaa, jonka nimi alkaa kirjaimella S Sambia
95%
Angolan eteläinen naapurimaa Namibia
92%
Tämä kattaa 97 % Angolan viennistä Öljy
81%
Angolan valtionideologia vuosina 1975-1992 {Kommun}ismi
80%
Pääkaupunki Luanda
79%
Virallinen kieli Portugali
76%
1500-luvun lopun ja vuoden 1820 välillä useita orjia kaapattiin Angolassa. Mihin valtioon suurin osa lähetettiin? Brasilia
74%
Kaksi pisintä jokea Angolassa Kongo
71%
Valtio, johon 2/3 Angolan viennistä suuntautuu Kiina
66%
Angola on tämän mineraalin suurin tuottaja Venäjän, Botswanan ja Kanadan jälkeen Timantti
62%
Suosituin urheilulaji Koripallo
54%
Kaksi pisintä jokea Angolassa Sambesi
47%
Ihmisryhmä, joka syrjäytti alkuperäiset sanit ja khoit ensimmäisellä vuosituhannella ennen ajanlaskun alkua Bantut
34%
Angolan valuutta Kwanza
33%
Eksklaavi, joka vastaa yli puolesta yllä olevan tuotannosta Angolassa Cabinda
30%
Ehtoja vastaavia visoja ei löytynyt
Tulosjakauma
Jokaisen tuloksen saaneiden osuus
Persentiili vastausten määrän mukaan
Tuloshistoriasi
Et ole pelannut tätä visaa